Las políticas exteriores de América Latina y el Caribe: continuidad de la crisis /
Guardat en:
| Autor principal: | |
|---|---|
| Altres autors: | |
| Format: | Text |
| Publicat: |
Buenos Aires:
Grupo Editor Latinoamericano
|
| Etiquetes: |
Afegir etiqueta
Sense etiquetes, Sigues el primer a etiquetar aquest registre!
|
MARC
| LEADER | 00000 a a2200000 04500 | ||
|---|---|---|---|
| 001 | 24269 | ||
| 003 | |||
| 040 | |||
| 020 | |a 950-9432-86-5 | ||
| 090 | |a 166300 | ||
| 100 | |a Muñoz, Heraldo | ||
| 245 | |a Las políticas exteriores de América Latina y el Caribe: continuidad de la crisis / |c Heraldo Muñoz | ||
| 260 | |a Buenos Aires: |b Grupo Editor Latinoamericano | ||
| 300 | |a 642 p. |b **no definido** | ||
| 700 | |a comp. | ||
| 999 | |c 17252 |d 17252 | ||



